| 000 | 00371nam a2200157Ia 4500 | ||
|---|---|---|---|
| 003 | OSt | ||
| 005 | 20240326165733.0 | ||
| 008 | 170524s9999 xx 000 0 und d | ||
| 020 | _a978-8121924634 | ||
| 040 | _cIIMT UNIVERSITY | ||
| 100 | _aDEWETT, K.K | ||
| 245 | 0 | _aMODERN ECONOMIC THEORY | |
| 260 |
_aNEW DELHI _bSULTAN CHAND _c2005 |
||
| 300 | _a974 | ||
| 942 |
_2ddc _c02 |
||
| 999 |
_c2147 _d2147 |
||